Spell the Marvel Hero #113 - Statistics

General Stats
  • This quiz has been taken 17 times
  • The average score is 6 of 11
Answer Stats
Picture Answer % Correct
Ant-Man
100%
Rogue
75%
Superior Octopus
75%
Energizer
58%
Mirage (Dani Moonstar)
58%
Mass Master
50%
Mimic
50%
Spider-Man India
50%
Silhouette
42%
Taegukgi
42%
Auntie Ante
17%
No matching quizzes found
Score Distribution
Percent of People with Each Score
Percentile by Number Answered
Your Score History
You have not taken this quiz